| 000 | 00557 a2200169 4500 | ||
|---|---|---|---|
| 999 |
_c7842 _d7842 |
||
| 020 | _a9781446200803 (alk. paper) | ||
| 020 | _a9781446200810 (alk. paper) | ||
| 050 | _aHF 5549 GRU 2017 | ||
| 100 | 1 |
_aGrugulis, Irena. _eauthor |
|
| 245 | 1 | 2 |
_aA very short, fairly interesting and reasonably cheap book about human resource management / _cIrena Grugulis. |
| 264 | 1 |
_aLos Angels : _bSAGE Pub., _c2017. |
|
| 300 | _a134p. : | ||
| 500 | _aIncludes Index | ||
| 650 | _aHuman resource management | ||
| 942 |
_2lcc _cBK _h5549 _iGRU _k2017 |
||